John Lennon Discography - Statistics

General Stats
  • This quiz has been taken 23 times
  • The average score is 9 of 11
Answer Stats
Hint Answer % Correct
1980 (With Yoko) Double Fantasy
100%
1971 Imagine
100%
1984 (With Yoko) Milk and Honey
92%
1968 (With Yoko) Unfinished Music No. 1: Two Virgins
92%
1970 John Lennon Plastic Ono Band
83%
1973 Mind Games
75%
1975 Rock 'n' Roll
75%
1972 (With Yoko) Sometime in New York City
75%
1974 Walls and Bridges
75%
1969 (With Yoko) Wedding Album
67%
1969 (With Yoko) Unfinished Music No. 2: Life with the Lions
33%
No matching quizzes found
Score Distribution
Percent of People with Each Score
Percentile by Number Answered
Your Score History
You have not taken this quiz